| 000 | 02397cam a22004814a 4500 | ||
|---|---|---|---|
| 999 |
_c3950 _d3950 |
||
| 001 | 14329136 | ||
| 003 | Nust | ||
| 005 | 20170105101616.0 | ||
| 008 | 060405s2006 enkabf b 001 0 eng | ||
| 010 | _a 2006011421 | ||
| 015 |
_aGBA666603 _2bnb |
||
| 016 | 7 |
_a013522459 _2Uk |
|
| 020 | _a0521861691 (hardback) | ||
| 020 | _a9780521861694 (hardback) | ||
| 020 | _a9780521861694 | ||
| 035 | _a(OCoLC)ocm67239902 | ||
| 035 | _a(OCoLC)67239902 | ||
| 040 |
_aDLC _cDLC _dBAKER _dBWKUK _dYDXCP _dOCLCQ _dYDX _dBTCTA _dCOO _dUKM _dDLC |
||
| 042 | _apcc | ||
| 043 | _aa------ | ||
| 050 | 0 | 0 |
_aDS432.P4 _bA46 2006 |
| 082 | 0 | 0 |
_a305.48891593 _222 _bAHM |
| 100 | 1 |
_aAhmed, Amineh, _d1972- |
|
| 245 | 1 | 0 |
_aSorrow and joy among Muslim women : _bthe Pukhtuns of northern Pakistan / _cAmineh Ahmed. |
| 260 |
_aCambridge, UK ; _aNew York : _bCambridge University Press, _c2006. |
||
| 300 |
_axix, 199 p., [12] p. of plates : _bcol. ill., maps ; _c24 cm. |
||
| 490 | 1 |
_aUniversity of Cambridge oriental publications ; _v63 |
|
| 504 | _aIncludes bibliographical references (p. 173-191) and index. | ||
| 505 | 0 | _aIntroduction -- Gham-khādi : framework and fieldwork -- From the inside-out : Bibiane's 'dual lives' in and beyond the house -- The work of mourning : death and dismay among Bibiane-- Celebrating khādi : communal Pukhtun weddings and clandestine internet marriages -- The work of gham-khādi : 'not to do gham-khādi is shameful (sharam); to do it a burden' -- Conclusion. | |
| 650 | 0 |
_aWomen, Pushtun _xRites and ceremonies. |
|
| 650 | 0 |
_aWomen, Pushtun _xPsychology. |
|
| 650 | 0 |
_aWomen, Pushtun _xSocial conditions. |
|
| 650 | 0 |
_aPushtuns _xMarriage customs and rites. |
|
| 650 | 0 |
_aPushtuns _xFuneral customs and rites. |
|
| 650 | 0 |
_aPushtuns _xSocial life and customs. |
|
| 830 | 0 |
_aUniversity of Cambridge oriental publications ; _vno. 63. |
|
| 856 | 4 | 2 |
_3Publisher description _uhttp://www.loc.gov/catdir/enhancements/fy0642/2006011421-d.html |
| 856 | 4 | 1 |
_3Table of contents only _uhttp://www.loc.gov/catdir/enhancements/fy0642/2006011421-t.html |
| 856 | 4 | 2 |
_3Contributor biographical information _uhttp://www.loc.gov/catdir/enhancements/fy0733/2006011421-b.html |
| 906 |
_a7 _bcbc _corignew _d1 _eecip _f20 _gy-gencatlg |
||
| 942 |
_2ddc _cBK |
||